Economics of environmental conservation

Wedi'i Gadw mewn:
Manylion Llyfryddiaeth
Prif Awdur: Tisdell, Clement Allan (Awdur)
Fformat: Llyfr
Iaith:Saesneg
Cyhoeddwyd: Amsterdam Elsevier 1991
Cyfres:Developments in environmental economics, 1
Pynciau:
Tagiau: Ychwanegu Tag
Dim Tagiau, Byddwch y cyntaf i dagio'r cofnod hwn!

MARC

LEADER 00000nam a2200000 a 4500
001 UCY0830
003 CL-VaPUC
008 940813e19910000NE |||||||||||||||||eng|d
082 0 4 |a 333.72  |b TIS  |2 21 
100 0 |a Tisdell, Clement Allan  |e author  |9 328669 
245 1 0 |a Economics of environmental conservation 
246 1 0 |a Economics for environmental and ecological management 
300 |a 233 p 
942 |c BK 
945 |d 19940813 00:00:00  |a mfernand 
260 |a Amsterdam  |b Elsevier  |c 1991 
650 0 |a Protección del medio ambiente  |9 257626 
650 7 |a CONSERVACION DE LOS RECURSOS NATURALES  |2 CL-VaPUC  |9 261621 
650 0 |a Aspectos económicos  |9 255165 
583 |a last modification  |c 19940813 00:00:00  |k Rodrigo Vera 
490 0 |a Developments in environmental economics, 1 
999 |c 229730  |d 229728 
952 |0 0  |1 0  |4 0  |6 333_720000000000000_TIS_1991  |7 0  |8 CCM  |9 231231  |a BIBCUR  |b BIBCUR  |d 2019-11-15  |i 2952432  |o 333.72 TIS 1991  |p 2952432  |r 2025-04-22  |w 2019-11-15  |y BK  |k CIM